000 01138ncm a2200289 a 4500
999 _c349339
_d349339
003 BLK
005 20250127155503.0
008 200324b bu ||||| |||| 00| 0 bu d
040 _aBLK
041 _aDEU
_cDEU
080 _aДуа, дуети инструментални
_b785.72
_z785.72
080 _aДуо кларинет и пиано
_b785.72:788.6:786.2
_z785.72:788.6:786.2
100 _aБрамс, Йоханес
_eпърви автор
_91299
139 _aБрамс, Йоханес
_bБ 76
245 _aZwei sonaten
_bfur klarinette (oder bratsche) und klavier
_cJohannes Brahms; Йоханес Брамс; hrsg. von Carl Herrmann; klarinettenstimme von Heinrich Bading
_sop. 120
257 _aDEU
260 _9211254
_aLeipzig
_bPeters 3896c
_cs. a.
300 _a60 с.
_c30 см
_eщим 16 с.
380 _a7
650 0 _aДуо - кларинет и пиано
_9353801
653 7 _9188643
_aкларинети
653 7 _9193730
_aпиано
700 _9127
_aHerrmann, Carl
_ehrsg. von
852 _aЦб М II 245
_bИП
942 _cNOT
_n0
_s1
944 _c2020-03-24
_k30560
_lГеновева Генчева